000 00705nam a2200217Ii 4500
003 JO-AjNU
008 230605s9999||||xx |||||||||||||| ||und||
017 _a2004/14299
020 _a977-8977-28-8
040 _aJO-AjNU
_bara
_erda
_cJO-AjNU
041 _aara
050 1 4 _aBP144 2004
100 3 _aالزيد، زيد عبد الكريم,
_eauthor
_947342
245 0 0 _aمقدمة في القانون الدولي الإنساني في الإسلام
264 3 1 _aالرياض: د.ن، 2004
300 _a90ص
336 _atext
_btxt
_2rdacontent
337 _aunmediated
_bn
_2rdamedia
338 _avolume
_bnc
_2rdacarrier
650 4 _aالقانون الانساني - الاسلام
_947343
999 _aA20659
_c24227
_d24227